00919 2200337 4500001002100000005001500021007000300036008004100039020002200080035002000102040001700122041000800139082000800147084001400155090002300169100003000192245008200222250001000304264003600314300003300350336002100383337003000404338002300434650001100457850001000468990002000478990002000498990002100518990002100539990002100560INLIS00000000000507320260515055608ta260515 0  a978-602-262-532-2 a0010-0222000163 aSBPUPADbind0 aind a400 a400 FAR p a492.7 ALM p L10-R50 aFarida AriyaniePengarang1 aPercakapan Sehari-Hari dengan Tiga Bahasa :bBahasa Lampung-Indonesia-Inggris aCet.1 aYogyakarta :bGraha Ilmu,c2015 ax, 55 hal. ;c15,5 x 22,5 cm 2rdacontentaTeks 2rdamediaaTanpa Perantara 2rdacarrieraVolume 4aBahasa aPUPAD a26.520/H/DPK/18 a26.521/H/DPK/18 a26519/H/DPK/2018 a26522/H/DPK/2018 a26523/H/DPK/2018